000 00376nam a2200169Ia 4500
001 22619
005 20260414150843.0
008 260414t2013||||xx |||||||||||||| ||spa||
041 _aESP
082 _a621.3822
_bH478
100 _aHsu, Hwei P.
_eAUT
245 0 _aSeƱales y sistemas
_b
260 _c2013
650 _aTCA
654 _aCET
942 _cLIB
_dJUS
_fJUS
_2ddc
_n
999 _c22619
_d22619